College Quizbowl Stats
College Quizbowl Stats
Circuits
Seasons
Sets
Records
Detailed Stats
About
Loading...
Upper Mid-Atlantic (1)
Tossups
Bonuses
Players
Teams
Categories (Tossup)
Categories (Bonus)
George Churchill
UMBC A
Categories
Category
Powers
Gets
Negs
BBs
Points
Earliest Buzz
Avg. Buzz
First Buzzes
Top 3 Buzzes
BPA
PVF
Science - Chemistry
0
3
0
0
30
84
89.00
0
1
5.17
13.82
History - Other
0
0
1
0
-5
0.00
0
0
0.00
0.00
Science - Other
0
0
1
0
-5
0.00
0
0
0.00
0.00
Social Science
0
0
1
0
-5
0.00
0
0
0.00
0.00
Buzzes
Category
Answer
Value
Buzz Position
Social Science
China
-5
47
Science - Other
harmonic
-5
52
Science - Chemistry
elimination reactions
10
84
Science - Chemistry
boron
10
86
Science - Chemistry
polymers
10
97
History - Other
Babylon
-5
107
Previous
1
Next